| 000 -LEADER |
| fixed length control field |
00969nam a22002417a 4500 |
| 003 - CONTROL NUMBER IDENTIFIER |
| control field |
OSt |
| 005 - DATE AND TIME OF LATEST TRANSACTION |
| control field |
20250626085011.0 |
| 008 - FIXED-LENGTH DATA ELEMENTS--GENERAL INFORMATION |
| fixed length control field |
250626b ||||| |||| 00| 0 eng d |
| 020 ## - INTERNATIONAL STANDARD BOOK NUMBER |
| International Standard Book Number |
9781407191294 |
| 040 ## - CATALOGING SOURCE |
| Transcribing agency |
KH8 |
| 082 ## - DEWEY DECIMAL CLASSIFICATION NUMBER |
| Classification number |
FIC COL |
| 100 ## - MAIN ENTRY--PERSONAL NAME |
| Personal name |
Collins, Suzanne, |
| Relator term |
author. |
| 245 ## - TITLE STATEMENT |
| Title |
The Hunger Games / |
| Statement of responsibility, etc. |
Suzanne Collins. |
| 260 ## - PUBLICATION, DISTRIBUTION, ETC. |
| Place of publication, distribution, etc. |
New York ; |
| Name of publisher, distributor, etc. |
Scholastic Press, |
| Date of publication, distribution, etc. |
2018. |
| 300 ## - PHYSICAL DESCRIPTION |
| Extent |
435 pages : |
| Dimensions |
20 cm. |
| 490 ## - SERIES STATEMENT |
| Series statement |
The Hunger Games trilogy. |
| 520 ## - SUMMARY, ETC. |
| Summary, etc. |
In a future North America, where the rulers of Panem maintain control through an annual televised survival competition pitting young people from each of the twelve districts against one another, sixteen-year-old Katniss's skills are put to the test when she voluntarily takes her younger sister's place. |
| 650 ## - SUBJECT ADDED ENTRY--TOPICAL TERM |
| Topical term or geographic name entry element |
Survival |
| Form subdivision |
Ficton. |
| 650 ## - SUBJECT ADDED ENTRY--TOPICAL TERM |
| Topical term or geographic name entry element |
Survival television programs |
| Form subdivision |
Fiction |
| 650 ## - SUBJECT ADDED ENTRY--TOPICAL TERM |
| Topical term or geographic name entry element |
Television programs |
| Form subdivision |
Fiction |
| 830 ## - SERIES ADDED ENTRY--UNIFORM TITLE |
| Uniform title |
Hunger Games trilogy ; |
| 942 ## - ADDED ENTRY ELEMENTS (KOHA) |
| Source of classification or shelving scheme |
|
| Koha item type |
Books - Fiction |